Diccionario Ilustrado Latino-Español Español Latino.

Uloženo v:
Podrobná bibliografie
Další autoři: García de Diego, Vicente (prólogo)
Médium: Neznámo
Vydáno: Barcelona, España: Larousse, 2018.
Vydání:Trigésima edición. Décima reimpresión:2021.
Edice:Vox Diccionarios.
Témata:
Tagy: Přidat tag
Žádné tagy, Buďte první, kdo vytvoří štítek k tomuto záznamu!

MARC

LEADER 00000 a2200000 4500
003 CL-VaPUC
005 20220909081633.0
008 220902t2018 ||||| |||| 00| 0 eng d
999 |c 438609  |d 438607 
020 |a 978-84-7153-916-8 
040 |c Pontificia Universidad Católica de Valparaíso 
082 7 |a 473.61 DIC 2018  |2 22 
245 |a Diccionario Ilustrado Latino-Español Español Latino. 
250 |a Trigésima edición. Décima reimpresión:2021.  
260 |a Barcelona, España:  |b Larousse,   |c 2018. 
300 |a 715 páginas. 
490 |a Vox Diccionarios.  
500 |a Incluye resumen de Gramática Latina. Apéndice al Diccionario Ilustrado Latino-Español Español-Latino.  
583 |k GC  |c 20220902 
650 |a Latín   |v Diccionarios  |9 876221 
650 |a Español  |v Diccionarios  |9 876222 
700 |a García de Diego, Vicente   |e prólogo  |9 876223 
942 |2 ddc  |c BK 
952 |0 0  |1 0  |2 ddc  |4 0  |6 473_610000000000000_DIC_2018  |7 0  |8 A  |9 586573  |a BIBARQ  |b BIBARQ  |c GEN  |d 2022-09-02  |e 11  |g 32800.00  |i 5654502  |l 1  |o 473.61 DIC 2018  |p 5654502  |r 2025-01-20  |s 2023-09-05  |t 1  |v 32800.00  |w 2022-09-02  |y BK  |k ARQ